[Event "DEM U10 2020"]
[Site "Willingen GER"]
[Date "2020.10.28"]
[Round "3"]
[White "Krstovic, Marko"]
[Black "Buchinger, Alexis"]
[Result "0-1"]
[Termination "normal"]
[Board "6"]
[WhiteElo "1443"]
[BlackElo "1496"]
[WhiteClock "00:43:09"]
[BlackClock "00:39:53"]
[PlyCount "120"]
[WhiteFideId "16278003"]
[BlackFideId "16287134"]
[EventCountry "GER"]
[EventRounds "7"]
[EventType "swiss"]
[EventDate "2020.10.26"]

1. d4 {[%clk 1:15:59]} d5 {[%clk 1:15:38]} 2. c4 {[%clk 1:16:24]} e6 {[%clk
1:16:02]} 3. Nc3 {[%clk 1:16:46]} c6 {[%clk 1:16:16]} 4. Nf3 {[%clk 1:17:11]}
dxc4 {[%clk 1:16:20]} 5. e4 {[%clk 1:17:32]} b5 {[%clk 1:16:40]} 6. a4 {[%clk
1:17:54]} Bb4 {[%clk 1:16:47]} 7. axb5 {[%clk 1:18:14]} cxb5 {[%clk 1:16:47]}
8. Bg5 {[%clk 1:18:12]} Ne7 {[%clk 1:16:55]} 9. e5 {[%clk 1:18:27]} Bb7 {[%clk
1:16:24]} 10. Be2 {[%clk 1:18:49]} O-O {[%clk 1:15:36]} 11. O-O {[%clk
1:19:10]} a6 {[%clk 1:15:03]} 12. Qc2 {[%clk 1:19:04]} h6 {[%clk 1:14:24]} 13.
Bh4 {[%clk 1:19:19]} Qc7 {[%clk 1:13:22]} 14. Rfd1 {[%clk 1:17:33]} Bxc3 {[%clk
1:11:07]} 15. Qxc3 {[%clk 1:17:32]} Nf5 {[%clk 1:09:25]} 16. Bg3 {[%clk
1:17:17]} Rc8 {[%clk 1:08:46]} 17. Nh4 {[%clk 1:15:27]} Nxg3 {[%clk 1:08:35]}
18. Qxg3 {[%clk 1:15:19]} Nd7 {[%clk 1:05:35]} 19. Bf3 {[%clk 1:15:23]} Bxf3
{[%clk 1:05:44]} 20. Nxf3 {[%clk 1:15:40]} Nb6 {[%clk 1:05:33]} 21. Nd2 {[%clk
1:15:08]} c3 {[%clk 1:04:10]} 22. bxc3 {[%clk 1:14:49]} Qxc3 {[%clk 1:04:34]}
23. Ne4 {[%clk 1:14:58]} Qxg3 {[%clk 1:04:46]} 24. fxg3 {[%clk 1:15:19]} Nc4
{[%clk 1:03:38]} 25. Nc5 {[%clk 1:13:47]} a5 {[%clk 1:00:24]} 26. Kf2 {[%clk
1:12:33]} Kf8 {[%clk 0:59:20]} 27. Ke2 {[%clk 1:12:15]} Nxe5 {[%clk 0:58:38]}
28. Nxe6+ {[%clk 1:11:04]} fxe6 {[%clk 0:59:00]} 29. dxe5 {[%clk 1:11:30]} Ke7
{[%clk 0:59:16]} 30. Ke3 {[%clk 1:11:33]} Rc2 {[%clk 0:59:08]} 31. Kf3 {[%clk
1:10:25]} a4 {[%clk 0:58:40]} 32. Rdb1 {[%clk 1:09:35]} Rc3+ {[%clk 0:55:35]}
33. Ke4 {[%clk 1:08:59]} Rb8 {[%clk 0:52:17]} 34. Rxa4 {[%clk 1:08:32]} Kd7
{[%clk 0:47:32]} 35. Ra7+ {[%clk 1:06:34]} Kc6 {[%clk 0:47:30]} 36. Ra6+ {[%clk
1:04:31]} Rb6 {[%clk 0:47:36]} 37. Ra8 Rc4+ {[%clk 0:44:42]} 38. Kd3 {[%clk
0:59:43]} Ra4 {[%clk 0:41:55]} 39. Rc8+ {[%clk 0:57:44]} Kd5 {[%clk 0:41:29]}
40. Re1 {[%clk 0:53:29]} Ra3+ {[%clk 0:41:30]} 41. Kd2 {[%clk 0:52:20]} Ra2+
{[%clk 0:41:32]} 42. Rc2 {[%clk 0:52:18]} Rxc2+ {[%clk 0:41:39]} 43. Kxc2
{[%clk 0:52:42]} b4 {[%clk 0:41:49]} 44. Kb3 {[%clk 0:52:40]} Kd4 {[%clk
0:41:44]} 45. Re2 {[%clk 0:50:28]} Rb5 {[%clk 0:41:47]} 46. Ka4 {[%clk
0:48:54]} Rxe5 {[%clk 0:42:10]} 47. Rd2+ {[%clk 0:49:08]} Kc3 {[%clk 0:42:24]}
48. Rf2 {[%clk 0:47:50]} Rd5 {[%clk 0:42:09]} 49. Rf7 {[%clk 0:45:54]} Rd4
{[%clk 0:40:55]} 50. Rb7 {[%clk 0:45:21]} e5 {[%clk 0:40:41]} 51. Rxg7 {[%clk
0:43:18]} e4 {[%clk 0:38:35]} 52. Re7 {[%clk 0:43:05]} Kd2 53. g4 {[%clk
0:42:41]} e3 {[%clk 0:38:39]} 54. h4 {[%clk 0:42:35]} e2 {[%clk 0:38:54]} 55.
g5 {[%clk 0:42:52]} hxg5 {[%clk 0:39:15]} 56. hxg5 {[%clk 0:42:29]} e1=Q {[%clk
0:39:28]} 57. Rxe1 {[%clk 0:42:53]} Kxe1 {[%clk 0:39:53]} 58. g6 {[%clk
0:43:09]} Rg4 {[%clk 0:39:53]} 59. g7 {[%clk 0:43:09]} Rxg7 {[%clk 0:39:53]}
60. Kxb4 {[%clk 0:43:09]} Rxg2 {[%clk 0:39:53]} 0-1

[Event "DEM U10 2020"]
[Site "Willingen GER"]
[Date "2020.10.28"]
[Round "3"]
[White "Zimmer, Tim"]
[Black "Uyar, Levin"]
[Result "1-0"]
[Termination "normal"]
[Board "16"]
[WhiteElo "1025"]
[BlackElo "1471"]
[WhiteClock "00:51:49"]
[BlackClock "00:35:56"]
[PlyCount "117"]
[WhiteFideId "34603115"]
[BlackFideId "16282108"]
[EventCountry "GER"]
[EventRounds "7"]
[EventType "swiss"]
[EventDate "2020.10.26"]

1. e4 {[%clk 1:15:56]} e6 {[%clk 1:15:54]} 2. d4 {[%clk 1:15:27]} d5 {[%clk
1:16:19]} 3. exd5 {[%clk 1:15:47]} exd5 {[%clk 1:16:42]} 4. Bd3 {[%clk
1:15:51]} Nc6 {[%clk 1:16:52]} 5. Ne2 {[%clk 1:15:16]} Nb4 {[%clk 1:16:57]} 6.
O-O {[%clk 1:11:13]} Bd6 {[%clk 1:16:50]} 7. Nbc3 {[%clk 1:08:09]} c6 {[%clk
1:16:45]} 8. Ng3 {[%clk 1:00:34]} Nxd3 {[%clk 1:16:46]} 9. Qxd3 {[%clk
1:00:37]} Nf6 {[%clk 1:16:55]} 10. Re1+ {[%clk 0:59:25]} Be6 {[%clk 1:17:03]}
11. Bg5 {[%clk 0:59:09]} Qc7 {[%clk 1:16:54]} 12. Nf5 {[%clk 0:55:53]} O-O-O
{[%clk 1:06:39]} 13. Nxg7 {[%clk 0:54:39]} Bxh2+ {[%clk 1:01:38]} 14. Kf1
{[%clk 0:52:05]} Qe7 {[%clk 0:59:45]} 15. Qf3 {[%clk 0:52:01]} Ne4 {[%clk
0:49:35]} 16. Bxe7 {[%clk 0:51:48]} Nd2+ {[%clk 0:49:18]} 17. Ke2 {[%clk
0:52:16]} Nxf3 {[%clk 0:49:16]} 18. Kxf3 {[%clk 0:52:42]} Rd7 {[%clk 0:49:01]}
19. Bf6 {[%clk 0:53:01]} Rf8 {[%clk 0:42:07]} 20. g3 {[%clk 0:53:11]} Bh3
{[%clk 0:34:50]} 21. Rh1 {[%clk 0:52:17]} Rg8 {[%clk 0:30:41]} 22. Rxh2 {[%clk
0:52:09]} Be6 {[%clk 0:30:51]} 23. Rxh7 {[%clk 0:52:19]} Rd6 {[%clk 0:30:46]}
24. Be5 {[%clk 0:52:27]} Rd7 {[%clk 0:30:58]} 25. Rah1 {[%clk 0:52:24]} Rf8
{[%clk 0:30:34]} 26. Rh8 {[%clk 0:51:56]} Rdd8 {[%clk 0:30:35]} 27. Nxe6 {[%clk
0:52:13]} fxe6+ {[%clk 0:30:57]} 28. Ke3 {[%clk 0:52:32]} Rf7 {[%clk 0:30:27]}
29. Na4 {[%clk 0:52:17]} b6 {[%clk 0:30:31]} 30. Rxd8+ {[%clk 0:52:20]} Kxd8
{[%clk 0:30:48]} 31. Rh8+ {[%clk 0:52:23]} Kd7 {[%clk 0:30:55]} 32. Ra8 {[%clk
0:52:25]} Rf5 {[%clk 0:30:42]} 33. Rxa7+ {[%clk 0:52:43]} Ke8 {[%clk 0:30:33]}
34. Ra8+ {[%clk 0:50:37]} Ke7 {[%clk 0:30:51]} 35. Nxb6 {[%clk 0:50:57]} Rh5
{[%clk 0:30:50]} 36. Nc8+ {[%clk 0:50:46]} Kd7 {[%clk 0:31:02]} 37. Nd6 {[%clk
0:48:21]} Ke7 {[%clk 0:30:51]} 38. Ra7+ {[%clk 0:48:03]} Kf8 {[%clk 0:31:11]}
39. Bf6 {[%clk 0:47:50]} Kg8 {[%clk 0:31:29]} 40. Ra8+ {[%clk 0:48:07]} Kh7
{[%clk 0:31:46]} 41. Rh8+ {[%clk 0:48:33]} Kg6 {[%clk 0:32:06]} 42. Rxh5 {[%clk
0:48:56]} Kxh5 {[%clk 0:32:25]} 43. a4 {[%clk 0:49:24]} Kg6 {[%clk 0:32:40]}
44. a5 {[%clk 0:47:40]} Kxf6 {[%clk 0:33:00]} 45. a6 {[%clk 0:48:03]} Ke7
{[%clk 0:33:24]} 46. a7 {[%clk 0:48:29]} Kxd6 {[%clk 0:33:49]} 47. a8=Q {[%clk
0:48:32]} Kc7 {[%clk 0:34:09]} 48. b4 {[%clk 0:48:50]} Kd7 {[%clk 0:34:35]} 49.
Qb7+ {[%clk 0:49:09]} Kd6 {[%clk 0:34:51]} 50. f4 e5 {[%clk 0:35:09]} 51. fxe5+
{[%clk 0:49:25]} Ke6 {[%clk 0:35:24]} 52. Qxc6+ {[%clk 0:49:39]} Kf5 {[%clk
0:35:43]} 53. g4+ {[%clk 0:49:46]} Kg5 {[%clk 0:35:55]} 54. Qf6+ {[%clk
0:50:03]} Kxg4 55. Qf4+ Kh3 {[%clk 0:35:56]} 56. Qg5 {[%clk 0:50:27]} Kh2 57.
Qg4 {[%clk 0:51:49]} Kh1 58. Kf2 {[%clk 0:51:49]} Kh2 59. Qg2# {[%clk 0:51:49]}
1-0

[Event "DEM U10 2020"]
[Site "Willingen GER"]
[Date "2020.10.29"]
[Round "4"]
[White "Besou, Hussain"]
[Black "Burkart, Lloyd Shang"]
[Result "1-0"]
[Termination "normal"]
[Board "2"]
[WhiteElo "1825"]
[BlackElo "1508"]
[WhiteClock "00:44:56"]
[BlackClock "00:04:10"]
[PlyCount "75"]
[WhiteFideId "16269950"]
[BlackFideId "16239059"]
[EventCountry "GER"]
[EventRounds "7"]
[EventType "swiss"]
[EventDate "2020.10.26"]

1. d4 {[%clk 1:15:57]} Nf6 {[%clk 1:15:43]} 2. c4 {[%clk 1:16:22]} e6 {[%clk
1:15:37]} 3. Nf3 {[%clk 1:16:46]} b6 {[%clk 1:15:11]} 4. g3 {[%clk 1:17:09]} d5
{[%clk 1:08:08]} 5. Bg2 {[%clk 1:17:14]} Be7 {[%clk 1:07:47]} 6. O-O {[%clk
1:17:35]} O-O {[%clk 1:07:30]} 7. Nc3 {[%clk 1:16:14]} Bb7 {[%clk 1:04:02]} 8.
Bf4 {[%clk 1:13:22]} c6 {[%clk 1:02:21]} 9. Qc2 {[%clk 1:04:18]} Na6 {[%clk
1:01:27]} 10. Rac1 {[%clk 1:02:46]} Rc8 {[%clk 1:00:43]} 11. Rfd1 {[%clk
1:02:28]} Nh5 {[%clk 0:55:04]} 12. Be3 {[%clk 1:02:18]} Qc7 {[%clk 0:53:27]}
13. Ne5 {[%clk 0:52:36]} Bd6 {[%clk 0:49:57]} 14. f4 {[%clk 0:51:14]} Rfd8
{[%clk 0:46:32]} 15. Bf2 {[%clk 0:50:07]} Nf6 {[%clk 0:31:58]} 16. e4 {[%clk
0:49:10]} Qe7 {[%clk 0:26:02]} 17. Qe2 {[%clk 0:48:23]} Nc7 {[%clk 0:23:59]}
18. g4 {[%clk 0:45:34]} Nd7 {[%clk 0:21:58]} 19. Bg3 {[%clk 0:44:56]} f6 {[%clk
0:21:19]} 20. Nxd7 {[%clk 0:45:03]} Qxd7 {[%clk 0:21:34]} 21. e5 {[%clk
0:44:25]} fxe5 {[%clk 0:21:45]} 22. fxe5 {[%clk 0:44:47]} Be7 {[%clk 0:21:52]}
23. cxd5 {[%clk 0:43:04]} cxd5 {[%clk 0:21:25]} 24. Qe3 {[%clk 0:42:03]} g5
{[%clk 0:19:02]} 25. Bf1 {[%clk 0:41:38]} Ba6 {[%clk 0:19:14]} 26. Bxa6 {[%clk
0:41:58]} Nxa6 27. a3 {[%clk 0:42:19]} Rf8 {[%clk 0:19:21]} 28. Rf1 {[%clk
0:42:32]} h6 {[%clk 0:19:03]} 29. Qd3 {[%clk 0:42:54]} Nb8 {[%clk 0:15:39]} 30.
Qg6+ {[%clk 0:43:09]} Kh8 31. Qxh6+ Kg8 {[%clk 0:16:17]} 32. Qg6+ {[%clk
0:44:00]} Kh8 33. Kg2 {[%clk 0:43:48]} Nc6 {[%clk 0:04:07]} 34. Rh1 {[%clk
0:43:48]} Qd8 {[%clk 0:04:11]} 35. Qh6+ {[%clk 0:43:59]} Kg8 {[%clk 0:04:34]}
36. Qxe6+ {[%clk 0:44:26]} Kg7 {[%clk 0:04:47]} 37. Nxd5 {[%clk 0:44:34]} Rf7
{[%clk 0:04:10]} 38. Rxc6 {[%clk 0:44:56]} 1-0

[Event "DEM U10 2020"]
[Site "Willingen GER"]
[Date "2020.10.29"]
[Round "4"]
[White "Marcziter, Alex"]
[Black "Pimenov, Danil"]
[Result "1-0"]
[Termination "normal"]
[Board "12"]
[WhiteElo "1401"]
[BlackElo "1235"]
[WhiteClock "00:39:35"]
[BlackClock "01:08:56"]
[PlyCount "53"]
[WhiteFideId "16258126"]
[BlackFideId "34600248"]
[EventCountry "GER"]
[EventRounds "7"]
[EventType "swiss"]
[EventDate "2020.10.26"]

1. e4 {[%clk 1:15:53]} d6 {[%clk 1:15:56]} 2. d4 {[%clk 1:14:41]} Nf6 {[%clk
1:16:17]} 3. Nc3 {[%clk 1:13:11]} g6 {[%clk 1:16:39]} 4. Nf3 {[%clk 1:11:32]}
Bg7 {[%clk 1:16:55]} 5. Bd3 {[%clk 1:09:39]} O-O {[%clk 1:17:08]} 6. h3 {[%clk
1:08:23]} Nbd7 {[%clk 1:17:11]} 7. Be3 {[%clk 1:06:08]} c6 {[%clk 1:17:00]} 8.
Qd2 {[%clk 1:05:10]} Qc7 {[%clk 1:16:42]} 9. O-O-O e5 10. Rdg1 {[%clk 0:56:32]}
exd4 {[%clk 1:15:47]} 11. Nxd4 {[%clk 0:56:13]} Ne5 {[%clk 1:15:18]} 12. Be2
{[%clk 0:55:23]} b5 {[%clk 1:14:41]} 13. f4 {[%clk 0:54:36]} Ned7 {[%clk
1:13:25]} 14. Bf3 {[%clk 0:53:54]} Nb6 {[%clk 1:12:42]} 15. b3 {[%clk 0:52:49]}
Bb7 {[%clk 1:11:07]} 16. f5 {[%clk 0:51:12]} a6 {[%clk 1:09:57]} 17. fxg6
{[%clk 0:51:25]} hxg6 {[%clk 1:09:55]} 18. g4 {[%clk 0:51:25]} b4 {[%clk
1:10:04]} 19. Nce2 {[%clk 0:48:23]} c5 {[%clk 1:10:17]} 20. Nf5 {[%clk
0:48:41]} gxf5 {[%clk 1:10:06]} 21. gxf5 {[%clk 0:48:55]} Nxe4 {[%clk 1:10:02]}
22. Bxe4 {[%clk 0:47:59]} Bxe4 {[%clk 1:09:28]} 23. Bh6 {[%clk 0:47:38]} Bxh1
{[%clk 1:09:29]} 24. Bxg7 {[%clk 0:47:46]} f6 {[%clk 1:08:58]} 25. Bxf6+ {[%clk
0:40:14]} Kh7 {[%clk 1:09:11]} 26. Qg5 {[%clk 0:39:35]} Rxf6 {[%clk 1:08:56]}
27. Qxf6 1-0

[Event "DEM U10 2020"]
[Site "Willingen GER"]
[Date "2020.10.29"]
[Round "4"]
[White "Mohammadzadeh, Daris"]
[Black "Schuricht, Emil Frederick"]
[Result "0-1"]
[Termination "normal"]
[Board "14"]
[WhiteElo "1311"]
[BlackElo "1451"]
[WhiteClock "00:16:30"]
[BlackClock "00:24:34"]
[PlyCount "136"]
[WhiteFideId "34604359"]
[BlackFideId "16270185"]
[EventCountry "GER"]
[EventRounds "7"]
[EventType "swiss"]
[EventDate "2020.10.26"]

1. e4 {[%clk 1:15:58]} c6 {[%clk 1:15:57]} 2. d4 {[%clk 1:16:17]} d5 {[%clk
1:16:23]} 3. exd5 {[%clk 1:16:21]} cxd5 {[%clk 1:16:48]} 4. c4 {[%clk 1:16:26]}
Nf6 {[%clk 1:17:12]} 5. Nc3 {[%clk 1:16:13]} Nc6 {[%clk 1:17:35]} 6. Nf3 {[%clk
1:15:33]} Bg4 {[%clk 1:17:36]} 7. cxd5 {[%clk 1:12:38]} Nxd5 {[%clk 1:15:33]}
8. Be2 {[%clk 1:10:52]} e6 {[%clk 1:14:35]} 9. Be3 {[%clk 1:06:07]} Bb4 {[%clk
1:09:26]} 10. Rc1 {[%clk 1:02:20]} O-O {[%clk 1:07:57]} 11. O-O {[%clk
0:59:53]} Nce7 {[%clk 1:04:13]} 12. Ne5 {[%clk 0:54:45]} Bxe2 {[%clk 1:04:06]}
13. Qxe2 {[%clk 0:53:29]} Rc8 {[%clk 0:58:35]} 14. Qd3 {[%clk 0:47:41]} Ng6
{[%clk 0:52:28]} 15. Nxd5 {[%clk 0:41:18]} Qxd5 {[%clk 0:52:03]} 16. Nxg6
{[%clk 0:41:14]} hxg6 {[%clk 0:52:24]} 17. a3 {[%clk 0:37:22]} Ba5 {[%clk
0:49:53]} 18. Rfd1 {[%clk 0:31:15]} Bb6 {[%clk 0:48:43]} 19. f3 {[%clk
0:29:52]} Rxc1 {[%clk 0:48:51]} 20. Rxc1 {[%clk 0:29:15]} Rd8 {[%clk 0:49:00]}
21. Rd1 {[%clk 0:28:34]} e5 {[%clk 0:48:01]} 22. Qe4 {[%clk 0:26:55]} Qxe4
{[%clk 0:47:14]} 23. fxe4 {[%clk 0:27:11]} Bxd4 {[%clk 0:47:05]} 24. Bxd4
{[%clk 0:27:25]} exd4 {[%clk 0:47:28]} 25. Rd3 {[%clk 0:26:56]} f6 {[%clk
0:47:18]} 26. b4 {[%clk 0:26:14]} Kf7 {[%clk 0:42:50]} 27. Kf2 {[%clk 0:22:41]}
Ke6 {[%clk 0:42:57]} 28. Ke2 {[%clk 0:20:53]} Ke5 {[%clk 0:42:31]} 29. Rg3
{[%clk 0:20:20]} Kxe4 {[%clk 0:38:07]} 30. Rxg6 {[%clk 0:19:22]} Rd7 {[%clk
0:37:32]} 31. Rg4+ {[%clk 0:18:37]} Ke5 {[%clk 0:36:28]} 32. Kd3 f5 {[%clk
0:35:17]} 33. Rh4 {[%clk 0:17:04]} g5 {[%clk 0:35:23]} 34. Rh5 {[%clk 0:16:26]}
g4 {[%clk 0:35:34]} 35. h3 {[%clk 0:16:29]} g3 {[%clk 0:27:51]} 36. Rh4 {[%clk
0:16:09]} b5 {[%clk 0:27:54]} 37. Rh8 {[%clk 0:15:03]} Rc7 {[%clk 0:26:52]} 38.
Re8+ {[%clk 0:14:41]} Kf4 {[%clk 0:27:14]} 39. Re2 {[%clk 0:13:44]} Rc4 {[%clk
0:25:09]} 40. Rd2 {[%clk 0:12:45]} Ke5 {[%clk 0:22:57]} 41. Re2+ {[%clk
0:12:41]} Kd5 {[%clk 0:23:20]} 42. h4 {[%clk 0:12:17]} Rc3+ {[%clk 0:23:41]}
43. Kd2 {[%clk 0:12:15]} Rxa3 {[%clk 0:23:51]} 44. h5 {[%clk 0:12:38]} Kc4
{[%clk 0:18:41]} 45. Re6 {[%clk 0:11:18]} Ra2+ {[%clk 0:17:58]} 46. Ke1 {[%clk
0:11:11]} Rxg2 {[%clk 0:17:30]} 47. h6 {[%clk 0:10:46]} Rh2 {[%clk 0:17:30]}
48. Kf1 {[%clk 0:10:51]} d3 {[%clk 0:17:10]} 49. h7 {[%clk 0:10:21]} Rxh7
{[%clk 0:17:14]} 50. Kg2 {[%clk 0:10:43]} Rd7 {[%clk 0:17:34]} 51. Re1 {[%clk
0:10:45]} d2 {[%clk 0:17:57]} 52. Rd1 {[%clk 0:10:52]} Kc3 {[%clk 0:18:21]} 53.
Kxg3 {[%clk 0:11:03]} Kc2 {[%clk 0:18:46]} 54. Rf1 {[%clk 0:11:23]} d1=Q {[%clk
0:19:12]} 55. Rxd1 {[%clk 0:11:09]} Rxd1 {[%clk 0:19:32]} 56. Kf4 {[%clk
0:11:37]} Rf1+ {[%clk 0:19:51]} 57. Ke3 {[%clk 0:12:03]} f4+ {[%clk 0:20:13]}
58. Ke2 {[%clk 0:12:25]} Rh1 {[%clk 0:20:37]} 59. Kf3 {[%clk 0:12:46]} Kb3
{[%clk 0:21:00]} 60. Kg2 {[%clk 0:13:08]} Rc1 {[%clk 0:21:21]} 61. Kf3 {[%clk
0:13:26]} Kxb4 {[%clk 0:21:35]} 62. Kxf4 {[%clk 0:13:51]} a5 {[%clk 0:22:04]}
63. Ke3 {[%clk 0:14:16]} a4 {[%clk 0:22:28]} 64. Kd2 {[%clk 0:14:37]} Rc3
{[%clk 0:22:56]} 65. Ke2 {[%clk 0:15:00]} a3 {[%clk 0:23:25]} 66. Kd1 {[%clk
0:15:45]} a2 {[%clk 0:24:10]} 67. Kd2 {[%clk 0:16:11]} a1=Q {[%clk 0:24:34]}
68. Kd1 {[%clk 0:16:30]} Qb2 0-1

[Event "DEM U10 2020"]
[Site "Willingen GER"]
[Date "2020.10.29"]
[Round "4"]
[White "Stichter, Constantin"]
[Black "Klasen, Ennio Rodriguez"]
[Result "1-0"]
[Termination "normal"]
[Board "15"]
[WhiteElo "1476"]
[BlackElo "1297"]
[WhiteClock "01:12:13"]
[BlackClock "00:27:46"]
[PlyCount "117"]
[WhiteFideId "34603140"]
[BlackFideId "16277414"]
[EventCountry "GER"]
[EventRounds "7"]
[EventType "swiss"]
[EventDate "2020.10.26"]

1. e4 {[%clk 1:15:29]} g6 {[%clk 1:15:47]} 2. d4 {[%clk 1:11:12]} Bg7 {[%clk
1:16:10]} 3. c3 {[%clk 1:11:36]} c5 {[%clk 1:15:45]} 4. Be3 {[%clk 1:11:30]} e6
{[%clk 1:10:07]} 5. g3 {[%clk 1:11:08]} Ne7 {[%clk 1:10:09]} 6. Bg2 {[%clk
1:11:27]} O-O {[%clk 1:10:13]} 7. e5 {[%clk 1:10:48]} f6 {[%clk 1:09:38]} 8. f4
{[%clk 1:11:05]} fxe5 {[%clk 1:09:02]} 9. dxe5 {[%clk 1:10:54]} Nf5 {[%clk
1:05:54]} 10. Bxc5 {[%clk 1:11:05]} Rf7 {[%clk 1:04:53]} 11. Nf3 {[%clk
1:10:42]} b6 {[%clk 1:04:29]} 12. Ng5 {[%clk 1:10:30]} d5 {[%clk 0:59:17]} 13.
exd6 {[%clk 1:09:37]} Rb7 {[%clk 0:59:31]} 14. Bf2 {[%clk 1:08:33]} Qd7 {[%clk
0:57:29]} 15. O-O {[%clk 1:06:33]} h6 {[%clk 0:56:21]} 16. Nxe6 {[%clk
1:06:42]} Qxd6 {[%clk 0:55:35]} 17. Qxd6 {[%clk 1:05:55]} Nxd6 {[%clk 0:55:56]}
18. Bxb7 {[%clk 1:06:06]} Bxb7 {[%clk 0:56:13]} 19. Nxg7 {[%clk 1:06:29]} Kxg7
{[%clk 0:56:24]} 20. Bd4+ {[%clk 1:06:52]} Kh7 {[%clk 0:56:11]} 21. Nd2 {[%clk
1:07:15]} Nc6 {[%clk 0:56:01]} 22. Be5 {[%clk 1:07:31]} Nxe5 {[%clk 0:54:29]}
23. fxe5 {[%clk 1:06:56]} Ne4 {[%clk 0:53:36]} 24. Nxe4 {[%clk 1:07:12]} Bxe4
{[%clk 0:53:55]} 25. Rae1 {[%clk 1:07:38]} Bd5 {[%clk 0:53:50]} 26. b3 {[%clk
1:07:58]} Re8 {[%clk 0:52:04]} 27. c4 {[%clk 1:07:43]} Be6 {[%clk 0:52:09]} 28.
Kg2 {[%clk 1:07:52]} Kg7 {[%clk 0:51:50]} 29. Rd1 {[%clk 1:08:09]} Bc8 {[%clk
0:51:07]} 30. Rfe1 {[%clk 1:08:22]} Kf7 {[%clk 0:43:21]} 31. Kf3 {[%clk
1:08:35]} Bb7+ {[%clk 0:43:10]} 32. Kf4 {[%clk 1:08:43]} Bc8 {[%clk 0:41:29]}
33. Rd6 {[%clk 1:07:59]} Be6 {[%clk 0:40:10]} 34. Rf1 {[%clk 1:08:05]} Kg8
{[%clk 0:39:29]} 35. Ke4 {[%clk 1:08:24]} Bf5+ {[%clk 0:35:11]} 36. Kd4 {[%clk
1:08:21]} h5 {[%clk 0:33:44]} 37. h4 {[%clk 1:07:46]} Kg7 {[%clk 0:32:39]} 38.
b4 {[%clk 1:06:59]} Kf7 {[%clk 0:32:10]} 39. Rf3 {[%clk 1:07:06]} Ke7 {[%clk
0:32:17]} 40. Ra3 {[%clk 1:07:27]} Ra8 {[%clk 0:31:35]} 41. c5 {[%clk 1:07:49]}
bxc5+ {[%clk 0:31:50]} 42. bxc5 {[%clk 1:08:11]} a5 {[%clk 0:31:23]} 43. Rb3
{[%clk 1:08:33]} Ra7 {[%clk 0:30:48]} 44. a3 {[%clk 1:08:45]} a4 {[%clk
0:30:58]} 45. Rb8 {[%clk 1:09:08]} Rc7 {[%clk 0:30:18]} 46. Rh8 Rd7 {[%clk
0:29:22]} 47. Rh7+ {[%clk 1:09:32]} Kd8 {[%clk 0:27:54]} 48. Rhxd7+ {[%clk
1:09:31]} Bxd7 {[%clk 0:27:34]} 49. e6 {[%clk 1:09:53]} g5 {[%clk 0:27:21]} 50.
hxg5 {[%clk 1:10:11]} h4 {[%clk 0:27:36]} 51. gxh4 {[%clk 1:10:34]} Ke8 {[%clk
0:26:59]} 52. Rxd7 {[%clk 1:10:55]} Kf8 {[%clk 0:27:20]} 53. Ra7 {[%clk
1:11:13]} Ke8 {[%clk 0:27:39]} 54. c6 {[%clk 1:11:37]} Kd8 {[%clk 0:27:20]} 55.
c7+ {[%clk 1:11:52]} Kc8 {[%clk 0:27:30]} 56. e7 {[%clk 1:12:13]} Kd7 {[%clk
0:27:46]} 57. e8=Q+ Kd6 58. c8=N# Kd5+ 59. Ke4+ 1-0

[Event "DEM U10 2020"]
[Site "Willingen GER"]
[Date "2020.10.29"]
[Round "4"]
[White "Kamleiter, Noah"]
[Black "Yin, Vito"]
[Result "1/2-1/2"]
[Termination "normal"]
[Board "27"]
[WhiteElo "1573"]
[BlackElo "1320"]
[WhiteClock "00:25:14"]
[BlackClock "00:10:16"]
[PlyCount "89"]
[WhiteFideId "16265815"]
[BlackFideId "34601759"]
[EventCountry "GER"]
[EventRounds "7"]
[EventType "swiss"]
[EventDate "2020.10.26"]

1. e4 {[%clk 1:15:52]} e5 {[%clk 1:15:57]} 2. Nf3 {[%clk 1:16:15]} Nc6 {[%clk
1:16:26]} 3. Bb5 {[%clk 1:16:35]} a6 {[%clk 1:16:42]} 4. Ba4 {[%clk 1:17:00]}
Nf6 {[%clk 1:17:11]} 5. d4 {[%clk 1:17:22]} Nxe4 {[%clk 1:16:20]} 6. O-O {[%clk
1:17:44]} Be7 {[%clk 1:16:37]} 7. Nxe5 {[%clk 1:17:33]} Nxe5 {[%clk 1:16:10]}
8. dxe5 {[%clk 1:17:55]} Nc5 {[%clk 1:16:33]} 9. Bb3 {[%clk 1:18:09]} Nxb3
{[%clk 1:16:06]} 10. axb3 {[%clk 1:18:08]} d5 {[%clk 1:14:58]} 11. Nc3 {[%clk
1:16:10]} c6 {[%clk 1:14:38]} 12. Re1 {[%clk 1:11:46]} Be6 {[%clk 1:13:16]} 13.
Re3 {[%clk 1:09:48]} d4 {[%clk 1:13:04]} 14. Rd3 {[%clk 1:10:08]} c5 {[%clk
1:09:57]} 15. Ne2 {[%clk 1:10:02]} Qc7 {[%clk 1:02:32]} 16. Bf4 {[%clk
1:09:28]} Rd8 {[%clk 1:00:15]} 17. Rg3 {[%clk 1:08:05]} Rg8 {[%clk 0:54:19]}
18. Qd3 {[%clk 1:04:01]} g6 {[%clk 0:52:25]} 19. Rd1 {[%clk 1:01:54]} h5 {[%clk
0:50:36]} 20. h3 {[%clk 1:00:00]} Rg7 {[%clk 0:49:25]} 21. Bh6 {[%clk 0:58:43]}
Rg8 {[%clk 0:48:29]} 22. f4 {[%clk 0:58:14]} h4 {[%clk 0:46:33]} 23. Rf3 {[%clk
0:57:17]} Bf5 {[%clk 0:44:46]} 24. Qd2 {[%clk 0:56:58]} Be4 {[%clk 0:43:33]}
25. Rf2 {[%clk 0:55:59]} Qc6 {[%clk 0:43:26]} 26. Nc1 {[%clk 0:55:10]} b5
{[%clk 0:42:07]} 27. Qe2 {[%clk 0:53:16]} c4 {[%clk 0:40:50]} 28. bxc4 {[%clk
0:53:15]} bxc4 {[%clk 0:41:11]} 29. Rff1 {[%clk 0:51:50]} Bc5 {[%clk 0:40:02]}
30. Kh2 {[%clk 0:51:46]} Bf5 {[%clk 0:38:37]} 31. Bg5 {[%clk 0:50:39]} Rd7
{[%clk 0:37:08]} 32. Bxh4 {[%clk 0:48:45]} Qa4 {[%clk 0:33:52]} 33. b3 {[%clk
0:44:13]} cxb3 {[%clk 0:33:31]} 34. cxb3 {[%clk 0:44:18]} Qc6 {[%clk 0:31:15]}
35. Nd3 {[%clk 0:42:21]} Bf8 {[%clk 0:23:55]} 36. Rc1 {[%clk 0:40:09]} Qa8
{[%clk 0:23:18]} 37. Qc2 {[%clk 0:36:53]} Be7 {[%clk 0:20:53]} 38. Bf6 {[%clk
0:35:09]} Be6 {[%clk 0:17:20]} 39. Bxe7 {[%clk 0:29:59]} Rxe7 {[%clk 0:16:51]}
40. Qa2 {[%clk 0:29:58]} g5 {[%clk 0:13:00]} 41. Qa4+ {[%clk 0:28:21]} Bd7
{[%clk 0:11:55]} 42. Qxd4 {[%clk 0:28:19]} Bb5 {[%clk 0:11:09]} 43. Rc2 {[%clk
0:26:36]} gxf4 {[%clk 0:10:42]} 44. Rxf4 {[%clk 0:26:26]} Rc7 {[%clk 0:10:16]}
45. Rff2 {[%clk 0:25:14]} 1/2-1/2